000 00430nam a2200169Ia 4500
008 230524s9999 xx 000 0 und d
082 _a530
_bPAU
100 _aClayton R.Paul
245 0 _aIntroduction to Electromagnetic Fields
250 _a3RD
260 _aNEW DELHI
_bTMH
_c2007
300 _aXV;747
500 _aQuantity Number: 2
650 _aPhysics
700 _a" Keith W.Whites , Syed A.Nasar,,,"
942 _cBK
999 _c37127
_d37127